[Event "Mallorca-chT"]
[Site "Palma de Mallorca"]
[Date "2002.03.09"]
[Round "7.5"]
[White "Navarrete Terrasa, Sebastian"]
[Black "Ramon Vanrell, Gabriel"]
[Result "1-0"]
[WhiteElo "2068"]
[BlackElo "2121"]
[PlyCount "95"]
[EventDate "2002.??.??"]
[EventType "team"]
[EventRounds "10"]
[EventCountry "ESP"]
[SourceTitle "EXT 2003"]
[Source "ChessBase"]
[SourceDate "2002.11.25"]
[SourceVersion "1"]
[SourceVersionDate "2002.11.25"]
[SourceQuality "1"]

1. e4 Nf6 2. Nc3 d5 3. e5 Nfd7 4. d4 e6 5. f4 c5 6. Nf3 Nc6 7. Ne2 cxd4 8. Nexd4 Nxd4 9. Nxd4 Bc5 10. c3 0-0 11. Bd3 Bxd4 12. cxd4 f5 13. 0-0 Qb6 14. Be2 Rf7 15. Qd2 Nf8 16. b3 Bd7 17. Ba3 Bc6 18. Bc5 Qd8 19. Rfc1 g6 20. Rc3 Rg7 21. b4 a6 22. a4 Nd7 23. Bd6 Nb6 24. a5 Nd7 25. Rb3 Rf7 26. b5 axb5 27. Bxb5 Nf6 28. Qb4 Ne4 29. Bxc6 bxc6 30. Bc5 Ra6 31. Bb6 Qc8 32. Rc1 Rb7 33. Qb5 Rc7 34. Qa4 Qb7 35. Bxc7 Qxc7 36. Ra3 Nd2 37. Qb5 Qa7 38. Qc5 Qb7 39. Qd6 Kf7 40. Ra2 Nc4 41. Qd8 Qe7 42. Qh8 Rxa5 43. Rxa5 Nxa5 44. Rb1 Qe8 45. Qxh7+ Kf8 46. Rb8 Qxb8 47. Qh8+ Ke7 48. Qxb8 1-0

[Event "Mallorca-chT"]
[Site "Palma de Mallorca"]
[Date "2002.02.23"]
[Round "6.5"]
[White "Ramon Vanrell, Gabriel"]
[Black "Gonzalez Marquez, Arturo"]
[Result "0-1"]
[WhiteElo "2121"]
[BlackElo "2116"]
[PlyCount "91"]
[EventDate "2002.??.??"]
[EventType "team"]
[EventRounds "10"]
[EventCountry "ESP"]
[SourceTitle "EXT 2003"]
[Source "ChessBase"]
[SourceDate "2002.11.25"]
[SourceVersion "1"]
[SourceVersionDate "2002.11.25"]
[SourceQuality "1"]

1. Nf3 Nf6 2. b3 d6 3. d4 Bf5 4. e3 Nbd7 5. Bb2 c6 6. Bd3 Bxd3 7. Qxd3 Qc7 8. Nbd2 e6 9. c4 Be7 10. h3 0-0 11. e4 Rad8 12. 0-0 c5 13. d5 e5 14. Nh2 Nh5 15. g3 g6 16. f4 exf4 17. gxf4 Bf6 18. Bxf6 Ndxf6 19. Rae1 Rde8 20. Ng4 Qe7 21. e5 dxe5 22. fxe5 Nxg4 23. hxg4 Qg5 24. Qe4 Qxd2 25. gxh5 Qg5+ 26. Kf2 Qxh5 27. Qf4 g5 28. Rh1 Qg6 29. Qf6 h5 30. Qxg6+ fxg6+ 31. Kg2 Kf7 32. Rhf1+ Ke7 33. Kg3 Rf5 34. b4 cxb4 35. c5 Rd8 36. Rxf5 gxf5 37. Rd1 a5 38. Kf3 h4 39. Ke3 Rh8 40. Rg1 Rg8 41. a3 b3 42. Rc1 h3 43. c6 bxc6 44. Rxc6 b2 45. Rc7+ Kf8 46. Rb7 0-1

[Event "Mallorca-chT"]
[Site "Palma de Mallorca"]
[Date "2002.02.16"]
[Round "5.5"]
[White "Sanabria Macias, Anselmo"]
[Black "Ramon Vanrell, Gabriel"]
[Result "0-1"]
[WhiteElo "2067"]
[BlackElo "2121"]
[PlyCount "134"]
[EventDate "2002.??.??"]
[EventType "team"]
[EventRounds "10"]
[EventCountry "ESP"]
[SourceTitle "EXT 2003"]
[Source "ChessBase"]
[SourceDate "2002.11.25"]
[SourceVersion "1"]
[SourceVersionDate "2002.11.25"]
[SourceQuality "1"]

1. e4 Nf6 2. e5 Nd5 3. d4 d6 4. Nf3 c6 5. Be2 Bg4 6. 0-0 Bxf3 7. Bxf3 dxe5 8. dxe5 e6 9. c4 Ne7 10. Qxd8+ Kxd8 11. Be4 Nd7 12. f4 Nf5 13. Bxf5 Bc5+ 14. Kh1 exf5 15. Nc3 Kc7 16. Na4 Rad8 17. Nxc5 Nxc5 18. Be3 Ne4 19. Rfd1 h6 20. Kg1 g5 21. Kf1 Rhe8 22. g3 f6 23. Rxd8 Rxd8 24. exf6 c5 25. fxg5 hxg5 26. Kg2 Rf8 27. Re1 Rxf6 28. Bc1 g4 29. Bf4+ Kc6 30. Rd1 b5 31. cxb5+ Kxb5 32. Rd7 a6 33. Kf1 c4 34. Rd8 c3 35. bxc3 Nxc3 36. Be5 Rc6 37. Bxc3 Rxc3 38. Rd5+ Rc5 39. Rd2 Kb4 40. Ke2 Kc3 41. Kd1 Rb5 42. Rc2+ Kd3 43. Kc1 Rb4 44. Rf2 Rb5 45. a4 Re5 46. Kd1 Rc5 47. Rf4 Ke3 48. Rf1 Rd5+ 49. Kc1 a5 50. Rf4 Ke2 51. Kc2 Rd2+ 52. Kc1 Rd5 53. Kc2 Rc5+ 54. Kb3 Re5 55. Kc2 Rc5+ 56. Kb3 Kd3 57. Kb2 Rc2+ 58. Kb3 Rc3+ 59. Kb2 Rc5 60. Kb3 Re5 61. Kb2 Kd2 62. Kb3 Re3+ 63. Kb2 Rf3 64. Rd4+ Ke3 65. Rd5 Rf2+ 66. Kc3 Ke4 67. Rd4+ Ke5 0-1

[Event "Mallorca-chT"]
[Site "Palma de Mallorca"]
[Date "2002.02.02"]
[Round "3.4"]
[White "Sanchez Marin, Justo"]
[Black "Ramon Vanrell, Gabriel"]
[Result "1/2-1/2"]
[WhiteElo "2084"]
[BlackElo "2121"]
[PlyCount "104"]
[EventDate "2002.??.??"]
[EventType "team"]
[EventRounds "10"]
[EventCountry "ESP"]
[SourceTitle "EXT 2003"]
[Source "ChessBase"]
[SourceDate "2002.11.25"]
[SourceVersion "1"]
[SourceVersionDate "2002.11.25"]
[SourceQuality "1"]

1. e4 Nf6 2. e5 Nd5 3. d4 d6 4. Nf3 Bg4 5. Be2 c6 6. 0-0 Bxf3 7. Bxf3 dxe5 8. dxe5 e6 9. c4 Ne7 10. Qxd8+ Kxd8 11. Re1 Nd7 12. Bd2 Ng6 13. Bc3 Kc7 14. Nd2 Rd8 15. Rad1 Be7 16. g3 Nc5 17. h4 h5 18. Nb3 Rxd1 19. Bxd1 Nxb3 20. axb3 Nf8 21. b4 g6 22. Bc2 Nd7 23. Ra1 a6 24. Rd1 g5 25. hxg5 h4 26. f4 hxg3 27. Be4 Rh4 28. Rf1 Bxg5 29. fxg5 Rxe4 30. Rxf7 Rxc4 31. g6 Rg4 32. Rf6 c5 33. Rxe6 cxb4 34. Be1 Nc5 35. Rf6 Nd7 36. Re6 Nc5 37. Rf6 Nd3 38. Bd2 Kd7 39. Rf7+ Ke6 40. Rxb7 Nxe5 41. Rb6+ Kf5 42. Rxb4 Nf3+ 43. Kg2 Nh4+ 44. Kh3 Rxb4 45. Bxb4 Nxg6 46. Kxg3 Ke4 47. Bd6 Kd5 48. Bb4 Ne5 49. Bc3 Nd3 50. Kf3 Kc4 51. Ke3 Nc5 52. Kd2 Kb3 1/2-1/2